Reglamento para dibujos de planos en proyectos de edificaciones. (Record no. 29089)
[ view plain ]
| 000 -CABECERA | |
|---|---|
| campo de control de longitud fija | 00635nam a2200157 a 4500 |
| 001 - NÚMERO DE CONTROL | |
| campo de control | 000029597 |
| 005 - FECHA Y HORA DE LA ÚLTIMA TRANSACCIÓN | |
| campo de control | 20200930055650.0 |
| 008 - DATOS DE LONGITUD FIJA--INFORMACIÓN GENERAL | |
| campo de control de longitud fija | 110404s1985 dr a 000 0 spa d |
| 040 ## - FUENTE DE LA CATALOGACIÓN | |
| Centro catalogador/agencia de origen | DO-SdBNP |
| Lengua de catalogación | spa |
| Centro/agencia transcriptor | BNPHU |
| 082 ## - NÚMERO DE LA CLASIFICACIÓN DECIMAL DEWEY | |
| Número de clasificación | xxxx |
| Número de documento/Ítem | R426 |
| 049 ## - FONDOS LOCALES (OCLC) | |
| Fondos de biblioteca | BNPD |
| 110 1# - ENTRADA PRINCIPAL--NOMBRE DE ENTIDAD CORPORATIVA | |
| Nombre de entidad corporativa o nombre de jurisdicción como elemento de entrada | República Dominicana . |
| Unidad subordinada | Secretaría de estado de Obras Públicas y Comunicaciones, |
| -- | Dirección General Reglamentos y Sistemas |
| 9 (RLIN) | 54865 |
| 245 10 - MENCIÓN DE TÍTULO | |
| Título | Reglamento para dibujos de planos en proyectos de edificaciones. |
| 260 ## - PUBLICACIÓN, DISTRIBUCIÓN, ETC. | |
| Lugar de publicación, distribución, etc. | Santo Domingo : |
| Nombre del editor, distribuidor, etc. | Secretaría de estado de Obras Públicas y Comunicaciones, |
| Fecha de publicación, distribución, etc. | 1985. |
| Fabricante | Editora Alfa y Omega |
| 300 ## - DESCRIPCIÓN FÍSICA | |
| Extensión | 42 p. : |
| Otras características físicas | il. ; |
| Dimensiones | 28 cm. |
| Estado de retiro | Estado de pérdida | No para préstamo | Código de colección | Localización permanente | Ubicación/localización actual | Ubicación en estantería | Fecha de adquisición | Número de inventario | Total de préstamos | Signatura topográfica completa | Código de barras | Fecha visto por última vez | Precio válido a partir de | Tipo de ítem Koha | Número de copia |
|---|---|---|---|---|---|---|---|---|---|---|---|---|---|---|---|
| Excluido de préstamo | Patrimonio Dominicano | Patrimonio Dominicano | Patrimonio Dominicano | En catalogación | 19.04.2011 | LF1 | xxxx R426 | 29597-10 | 25.06.2020 | 25.06.2020 | Libro y Folleto Colección Patrimonio Dominicano | ||||
| Excluido de préstamo | Patrimonio Dominicano | Patrimonio Dominicano | Patrimonio Dominicano | En catalogación | 05.05.2011 | LF1 | xxxx R426 | 29597-20 | 25.06.2020 | 25.06.2020 | Libro y Folleto Colección Patrimonio Dominicano | e. 2 |
